Регионална библиотека "Любен Каравелов" - Русе

Облигационно право (Запис номер 12097)

MARC детайли
000 -Лидер
Контролно поле с фиксирана дължина nam a22 a 4500
003 - Код на организацията, давaща контролен номер
Контролно поле BLK
005 - Дата и час на последна редакция
Контролно поле 20230221112424.0
008 - Елементи от данни с фиксирана дължина
fixed length control field 180412b bul|||||r ||||||| ||bul||
010 ## - Наследен системен номер
LC control number KNG00013682000
040 ## - Източник на каталожния запис
Идентификатор на билиотеката - собственик на записа BLK
041 ## - Код за език
Код за езика на текст/звукозапис или на отделно заглавие Български
Код за езика КДБФ Български
080 ## - УДК
Текстов определител УДК Облигационно право. Задължения, договори, споразумения
УДК код - определител по УДК 347.4
УДК определител (075.8)
УДК - код + определител 347.4(075.8)
100 1# - Редна дума - Автор
Автор Кожухаров, Александър Георгиев
Авторска отговорност първи автор
R(LIN) 257241
139 ## - Редно поле
Редна дума Кожухаров, Александър Георгиев
Авторски знак Кож - К 74
245 10 - Сведения за заглавието
Заглавие Облигационно право
Подзаглавни данни Учебник за студентите-юристи : Кн. 1 - 3
Редно поле (дума) Александър Георгиев Кожухаров; ред. Огнян Герджиков.
Том Кн. 2
Заглавие на том Общо учение за облигационното отношение
257 ## - Страна на издаване
Страна на създаване/издаване България
260 ## - Област на издателските данни
Място на издаване, разпространение и проч. София
Име на издателя, разпространителя и проч. Софи-Р
Година на издаване 1992 - 1996
Печатница София : Софи-Р, 1992-1996
300 ## - Физическа характеристика
Размери/Мащаб 20 см
380 ## - Жанр
Жанр Обществени науки
500 ## - Общи забележки
Забележка 1. изд. 1952-1953 на изд. Наука и изкуство в Унив. лит. - Офс. изд.
650 #4 - Допълнително описание по предмет – тема
Основно описание – тема или топоним Облигационно право - учебници за ВУЗ
9 (RLIN) 248651
653 ## - Ключова дума – ненормативна
Ключова дума облигационно право
653 ## - Ключова дума – ненормативна
Ключова дума право
653 ## - Ключова дума – ненормативна
Ключова дума учебници
700 1# - Други автори (авторска отговорност)
Лично име Герджиков, Огнян
Автороска отговорност (Описва отношението между автора и произведението) ред.
9 (RLIN) 363562
760 1# - Описание на основната серия
Редна дума на основното описание Кожухаров, Александър Георгиев
Място на издаване, издател и година 1992
Страници - том 239 с.
Забележка - том 1. изд. 1952-1953 на изд. Наука и изкуство в Унив. лит Офс. изд.
Заглавие Кн. 2 Общо учение за облигационното отношение
852 ## - Местоположение
Форматна сигнатура Цб 168605
856 4# - Електронен адрес и достъп
Електронен формат pdf - файл
Път до файла /url/
Инструкция (цена за достъп) 0.00
Права за достъп disable
856 4# - Електронен адрес и достъп
Електронен формат pdf - файл
Път до файла /url/
Инструкция (цена за достъп) 0.00
Права за достъп disable
999 ## - СИСТЕМНИ КОНТРОЛНИ НОМЕРА
Koha biblionumber 12097
Koha biblioitemnumber 12097
942 ## - АРТИКУЛИ
Вид на библиотечния материал Книги
Скрит в OPAC Не
Koha issues (borrowed), all copies 2
Периодичен библиозапис Да
944 ## - СЪЗДАВАНЕ И РЕДАКЦИЯ на ЗАПИСА
Създаване/Редакция Създаване
Дата на регистрацията/редакция 15.01.2003
Служител, извършил регистрацията/редакцията AB_DOS
944 ## - СЪЗДАВАНЕ И РЕДАКЦИЯ на ЗАПИСА
Създаване/Редакция Редакция
Дата на регистрацията/редакция 06.03.2017
Служител, извършил регистрацията/редакцията Павлина_Енева
999 ## - СИСТЕМНИ КОНТРОЛНИ НОМЕРА
Koha biblioitemnumber 12097
Наличности
Код за отписване Код за изгубен артикул Източник на класификационната схема Код за повреда Коз за рестрикции Код за отдаване Артикулен № Име на библиотеката - собственик Име на библиотеката, в която се намира в момента Статус (Текущо местоположение) Дата на вписване в системата Местоположение - отдел Цена в лева Инвентарен номер Систематично азбучна сигнатура Баркод Номер на екземпляра Цена в евро Служебна бележка Служебен тип на артикула
  Не е изгубен Universal Decimal Classification Не е повреден без рестрикции ползва се в читалня 20947 Регионална библиотека "Любен Каравелов" Русе Регионална библиотека "Любен Каравелов" Русе Хранилище 1992-01-01 Хранилище 0.00 569928 Цб 168605 120000569928 1 0.00 Дост: Dp Вид: Д N: стар фонд Дата: 01.01.1992 Книги
Изтеглен Не е изгубен Universal Decimal Classification Не е повреден без рестрикции заемане за дома 20948 Регионална библиотека "Любен Каравелов" Русе Регионална библиотека "Любен Каравелов" Русе Заемна - подръчен фонд 1992-01-01 Заемна - подръчен фонд 55.00 569181 П 347/К 74 569181 2 28.12 Дост: Pk Вид: Ф N: стар фонд Дата: 01.01.1992 Книги
Изтеглен Не е изгубен   Не е повреден без рестрикции заемане за дома 20949 Регионална библиотека "Любен Каравелов" Русе Регионална библиотека "Любен Каравелов" Русе Заемна - подръчен фонд 1992-01-01 Заемна - подръчен фонд 0.01 569182 П 347/К 74 569182 3 0.01 Дост: Pk Вид: Ф N: стар фонд Дата: 01.01.1992 Дата инв: 05.02.2018 Бележки инв: П2018 Книги
Изтеглен Не е изгубен Universal Decimal Classification Не е повреден без рестрикции заемане за дома 20950 Регионална библиотека "Любен Каравелов" Русе Регионална библиотека "Любен Каравелов" Русе Заемна - подръчен фонд 1992-01-01 Заемна - подръчен фонд 55.00 569183 П 347/К 74 569183 4 28.12 Дост: Pk Вид: Ф N: стар фонд Дата: 01.01.1992 Книги
Изтеглен Не е изгубен Universal Decimal Classification Не е повреден без рестрикции заемане за дома 20951 Регионална библиотека "Любен Каравелов" Русе Регионална библиотека "Любен Каравелов" Русе Заемна - подръчен фонд 1992-01-01 Заемна - подръчен фонд 4.20 578569 П 347/К 74 578569 5 2.15 Дост: Pk Вид: Ф N: стар фонд Дата: 01.01.1992 Книги
Vip Innovations Ltd, Rousse, Bulgaria 2025